LDR 00550naa#a2200169#i#450# 001 EN\\bibl\120528 005 20260501055735.5 011 ## _a2500-1825 100 ## _a20260331b2026####ek#y0engy0150####ca 102 ## _aRU 200 1# _aTHE KOMSOMOL OF THE TUVA PEOPLE'S REPUBLIC DURING THE GREAT PATRIOTIC WAR _eJournal article 210 1# _aKrasnoyarsk _cKrasnoyarsk State Agrarian University _d2026 215 ## _a11 с. 608 ## _aJournal article _2local 675 ## _aВсеобщая история. 94 _z 700 #1 _aSeden _gAldyna Viktorovna 856 4# _akgau.editorum.ru _u